Among Us Farben - Statistiken

Allgemein
  • Dieses Quiz wurde 33 mal gespielt
  • Das Durchschnittsergebnis liegt bei 13 aus 18
Antwortstatistiken
Farbe % Korrekt
Blau
100%
Rot
100%
Schwarz
100%
Gelb
96%
Grün
96%
Lila
96%
Pink
96%
Weiß
96%
Orange
93%
Grau
89%
Türkis
89%
Braun
86%
Limette
54%
Banane
32%
Rosé
32%
Koralle
29%
Sand
29%
Rotbraun
25%
Keine übereinstimmenden Quizze gefunden
Verteilung der Resultate
Anzahl Personen mit jedem Resultat
Perzentil nach korrekt beantworteten Fragen
Ihre Resultats-Entwicklung
Sie haben dieses Quiz noch nicht gespielt